España por D. Alfonso XII : (Record no. 69039)

MARC details
000 -LEADER
campo de control de longitud fija 00986nam a2200253 i 4500
001 - NÚMERO DE CONTROL
campo de control 69039
003 - IDENTIFICADOR DE NÚMERO DE CONTROL
campo de control ES-MaACL
005 - FECHA Y HORA DE LA ÚLTIMA TRANSACCIÓN
campo de control 20260301183521.0
007 - CAMPO FIJO DE DESCRIPCIÓN FÍSICA--INFORMACIÓN GENERAL
campo de control de longitud fija t|
008 - DATOS DE LONGITUD FIJA--INFORMACIÓN GENERAL
campo de control de longitud fija 040902s1869 sp ||||1| spa d
080 ## - NÚMERO DE LA CLASIFICACIÓN DECIMAL UNIVERSAL
Número de la Clasificación Decimal Universal 929 Alfonso (460) XII
080 ## - NÚMERO DE LA CLASIFICACIÓN DECIMAL UNIVERSAL
Número de la Clasificación Decimal Universal 94(460)"1868/70"
100 1# - ENTRADA PRINCIPAL--NOMBRE DE PERSONA
Nombre de persona Campuzano y González, Ramón.
9 (RLIN) 154041
245 10 - MENCIÓN DEL TÍTULO
Título España por D. Alfonso XII :
Resto del título verdadera candidatura de conciliación, y la más natural y conveniente /
Mención de responsabilidad, etc. [Ramón Campuzano y González].
260 ## - PUBLICACIÓN, DISTRIBUCIÓN, ETC.
Lugar de publicación, distribución, etc. Madrid :
Nombre del editor, distribuidor, etc. [s.n.],
Fecha de publicación, distribución, etc. 1869 (
Fabricante Imp. de J.A. García)
300 ## - DESCRIPCIÓN FÍSICA
Extensión 16 p. ;
Dimensiones 21 cm.
530 ## - NOTA DISPONIBLE DE FORMULARIO FÍSICO ADICIONAL
Nota de formato físico adicional disponible Disponible en formato digital.
594 ## - Nota al título y mención de responsabilidad
Nota al título y mención de responsabilidad Autor: Ramón Campuzano y González (Catálogo BNE)
600 04 - PUNTO DE ACCESO ADICIONAL DE MATERIA--NOMBRE DE PERSONA
Nombre de persona Alfonso
Numeración XII,
Títulos y otros términos asociados al nombre Rey de España
9 (RLIN) 19874
651 #4 - PUNTO DE ACCESO ADICIONAL DE MATERIA--NOMBRE GEOGRÁFICO
Nombre geográfico España-
Subdivisión general Reyes y soberanos-
-- Sucesión.
9 (RLIN) 156094
852 4# - LOCALIZACIÓN
Ubicación ES-MaACL
Número de control de estantería T-105-F-16
856 4# - LOCALIZACIÓN Y ACCESO ELECTRÓNICOS
Identificador Uniforme de Recursos <a href="http://bdh-rd.bne.es/viewer.vm?id=0000191229&page=1 ">http://bdh-rd.bne.es/viewer.vm?id=0000191229&page=1 </a>
Nota pública Biblioteca Digital Hispánica
Holdings
Estatus retirado Estado de pérdida Estado de daño No para préstamo Colección Biblioteca de origen Biblioteca actual Ubicación en estantería Fecha de adquisición Fuente de adquisición Total de préstamos Signatura topográfica completa Código de barras Visto por última vez Precio de reemplazo Tipo de ítem Koha
        Colección de folletos Biblioteca del Ateneo de Madrid Biblioteca del Ateneo de Madrid Depósito folletos 17/01/2008     T-105-F-16 1072297 23/02/2023 23/02/2023 Folleto